| 000 | 00396nam a22001697a 4500 | ||
|---|---|---|---|
| 005 | 20160629152139.0 | ||
| 008 | 160629b xxu||||| |||| 00| 0 eng d | ||
| 020 | _a973-93-80027-69-2 | ||
| 041 | _aeng | ||
| 082 | _b12551 | ||
| 100 |
_aSharma, Neelam _93097 |
||
| 245 | _aR C C Design & Drawing | ||
| 260 |
_bKatson _c2012 |
||
| 300 | _a420 | ||
| 650 |
_aDiploma Engineering _9817 |
||
| 942 | _cBK | ||
| 999 |
_c4730 _d4728 |
||